[Event "SVK-ch U10"]
[Site "Tatralandia"]
[Date "2024.04.10"]
[Round "7"]
[White "Chmelik, Juraj"]
[Black "Vengrin, Filip"]
[Result "1-0"]
[WhiteElo "1456"]
[BlackElo "1000"]
[PlyCount "93"]
[EventDate "2024.04.05"]
[EventType "swiss"]
[EventRounds "9"]
[EventCountry "SVK"]
[SourceTitle "CB16_2024"]
[SourceDate "2024.04.17"]
[SourceVersion "1"]
[SourceVersionDate "2024.04.17"]
[SourceQuality "1"]

1. e4 g6 2. d4 Bg7 3. Nf3 b6 4. c3 c5 5. dxc5 bxc5 6. Bd3 e6 7. 0-0 Ne7 8. Bf4 Nbc6 9. Nbd2 0-0 10. Nc4 Ba6 11. Qd2 Re8 12. Bh6 Bh8 13. Rfe1 d5 14. exd5 Nxd5 15. Nce5 Bb7 16. c4 Nde7 17. Qf4 Rf8 18. Ng4 Re8 19. Nf6+ Bxf6 20. Qxf6 Nf5 21. Qxd8 Raxd8 22. Bxf5 exf5 23. h3 Nd4 24. Nxd4 cxd4 25. Rad1 Bc6 26. b4 a6 27. Kf1 Ba4 28. Rd3 f6 29. Rxe8+ Rxe8 30. Rxd4 Bc6 31. Rd6 Be4 32. Rxa6 Bd3+ 33. Kg1 Bxc4 34. Ra7 Re1+ 35. Kh2 Re2 36. f3 Rf2 37. a4 Bf1 38. Kg1 Rxg2+ 39. Kxf1 Rg3 40. Ra6 Rxf3+ 41. Kg2 Rb3 42. Rxf6 Rb2+ 43. Kf3 Rb3+ 44. Ke2 Rb2+ 45. Kd3 Rb3+ 46. Kc4 Rxh3 47. Rf8# 1-0